028_ Personnalités nées un 28 janvier par images - Statistiques

Statistiques générales
  • Ce quiz a été pris 38 fois
  • Le résultat moyen est 3 sur 9
Statistiques - réponses
Par images Hint Réponse % Correct
Dirigeant Politique Nicolas Sarkozy
97%
Acteur Elijah Wood
59%
Animateur Bertrand Chameroy
41%
Chanteur Michael Jones
30%
Écrivaine Colette
24%
Roi Henri VII
16%
Actrice Ariel Winter
3%
Actrice Marthe Keller
0%
Chanteuse Sarah McLachlan
0%
Aucun quiz correspondant
Distribution des résultats
% des personnes avec chaque résultat
Percentile par nombre de réponses
Votre historique - résultats
Vous n’avez pas pris ce quiz